[Event "Superbet Varsavia Rapid 2024"]
[Site "Varsavia"]
[Date "08.05.2024"]
[Round "3R"]
[White "Keymer, Vincent"]
[Black "Shevchenko, Kirill"]
[Result "0-1"]
[WhiteElo "2726"]
[BlackElo "2677"]
[EventDate "2024.05.08"]

1. c4 e6 2. Nf3 d5 3. e3 Nf6 4. b3 c5 5. Bb2 Nc6 6. cxd5 exd5 7. Be2 d4 8.
exd4 cxd4 9. Bb5 Bc5 10. Qe2+ Be6 11. Bxc6+ bxc6 12. Qe5 Bd6 13. Qxd4 O-O
14. O-O Bd5 15. Qh4 Bxf3 16. Bxf6 Qxf6 17. Qxf6 gxf6 18. gxf3 Be5 19. Nc3
Rfd8 20. Rad1 Rd3 21. Rfe1 Rad8 22. Ne4 Rxf3 23. Rc1 Bd4 24. Kg2 Rf4 25. f3
c5 26. Nxc5 Be5 27. Ne4 Kh8 28. Ng3 h5 29. Nf1 Bd4 30. Ne3 Bb6 31. Rc2 Rg8+
32. Kf2 Rh4 33. Rh1 f5 34. Ke2 Re8 35. Kf1 Rf4 36. Kf2 Rb4 37. Kg2 Rg8+ 38.
Kf1 Rf4 39. Ke2 Re8 40. Rc3 Rd4 41. Rhc1 f4 42. Rc8 Rdd8 43. Rxd8 Bxd8 44.
Rc8 fxe3 45. dxe3 Kg7 46. e4 Rg8 47. Rc5 h4 48. f4 Kf8 49. Kf3 Rg1 50. a4
Rf1+ 51. Kg4 Rf2 52. Rh5 Rxh2 53. Rh8+ Ke7 54. Rxh4 f5+ 55. exf5 Rxh4+ 56.
Kxh4 a5 57. Kg5 Kf7+ 58. f6 Bxf6+ 59. Kf5 Bc3 60. Kg5 Bb4 61. Kf5 Bd6 62.
Ke4 Kf6 63. f5 Bb4 64. Kf4 Bc3 65. Ke4 Be1 66. Kf4 Ke7 67. Ke5 Bc3+ 68. Kd5
Kd7 69. Kc4 Be1 70. Kd5 Bb4 71. Ke5 Bc5 72. Kd5 Bd6 73. Kc4 Kc6 74. Kd4 Bf8
75. f6 Bb4 76. Ke5 Kd7 77. Kd5 Ke8 78. Ke6 Kf8 79. Kf5 Kf7 80. Ke5 Bc3+ 81.
Kf5 Bxf6 82. b4 axb4 83. Ke4 Bd8 84. Kd4 0-1

[Event "Superbet Varsavia Blitz 2024"]
[Site "Varsavia"]
[Date "12.05.2024"]
[Round "10B"]
[White "Gukesh, Dommaraju"]
[Black "Wei Yi"]
[Result "0-1"]
[WhiteElo "2764"]
[BlackElo "2755"]
[EventDate "2024.05.11"]

1. d4 Nf6 2. Bf4 g6 3. e3 Bg7 4. Nf3 O-O 5. h4 d6 6. Nbd2 Nc6 7. c3 Qe8 8.
Bc4 e5 9. Bg5 Bg4 10. Be2 Nh5 11. Nh2 Bxe2 12. Qxe2 exd4 13. exd4 f5 14. g4
Qxe2+ 15. Kxe2 Rae8+ 16. Kd3 fxg4 17. Nxg4 Nf4+ 18. Kc2 h5 19. Ne3 Ne6 20.
Raf1 Nxg5 21. hxg5 Rf4 22. Rhg1 Ne7 23. Kd3 c5 24. dxc5 dxc5 25. Ndc4 b5
26. Na3 a6 27. Ke2 Ra4 28. Ra1 Nd5 29. Nac2 Nf4+ 30. Kf1 Nd3 31. b3 Rf4 32.
Rg2 Ref8 33. Ke2 Nxf2 34. Nd5 Re4+ 35. Nce3 Ng4 36. Kd3 Re5 37. Rg3 Rd8 38.
Rf1 Nxe3 0-1

[Event "Superbet Varsavia Blitz 2024"]
[Site "Varsavia"]
[Date "12.05.2024"]
[Round "10B"]
[White "Abdusattorov, Nodirbek"]
[Black "Keymer, Vincent"]
[Result "1-0"]
[WhiteElo "2766"]
[BlackElo "2726"]
[EventDate "2024.05.11"]

1. d4 Nf6 2. c4 e6 3. Bf4 Bb4+ 4. Nd2 c5 5. dxc5 O-O 6. Ngf3 Bxc5 7. e3 b6
8. Be2 Bb7 9. O-O Be7 10. h3 Nc6 11. a3 Rc8 12. Rc1 h6 13. Bh2 d5 14. cxd5
Qxd5 15. Qa4 Qa5 16. Qxa5 Nxa5 17. Nd4 Nc6 18. Nxc6 Rxc6 19. Rxc6 Bxc6 20.
Rc1 Rd8 21. Nf1 Bb7 22. f3 Rc8 23. Rxc8+ Bxc8 24. Bb8 a5 25. Kf2 Nd7 26.
Bc7 Bf6 27. b3 Bb2 28. a4 Be5 29. Bd8 Bf6 30. Bxf6 Nxf6 31. Nd2 Nd7 32. Bb5
Nc5 33. Nc4 Nxb3 34. Nd6 1-0

[Event "Superbet Varsavia Blitz 2024"]
[Site "Varsavia"]
[Date "12.05.2024"]
[Round "16B"]
[White "Abdusattorov, Nodirbek"]
[Black "Praggnanandhaa, Rameshbabu"]
[Result "1-0"]
[WhiteElo "2766"]
[BlackElo "2747"]
[EventDate "2024.05.11"]

1. d4 Nf6 2. c4 e6 3. Bf4 Bb4+ 4. Nd2 Nc6 5. Ngf3 d6 6. a3 Bxd2+ 7. Qxd2
Qe7 8. d5 Nd8 9. Bg5 h6 10. Bxf6 Qxf6 11. e3 e5 12. Be2 Qg6 13. O-O O-O 14.
b4 b6 15. c5 bxc5 16. bxc5 e4 17. Nh4 Qf6 18. g3 dxc5 19. Rac1 Nb7 20. Rc4
Re8 21. Ng2 Bd7 22. Rb1 Rab8 23. Nf4 Qe5 24. Rc2 Nd6 25. Rxb8 Rxb8 26. Rxc5
Qa1+ 27. Rc1 Qxa3 28. Kg2 Rb2 29. Qd4 Rb4 30. Qc5 Bb5 31. Qxc7 Bxe2 32.
Nxe2 Rb2 33. Rc3 Qa6 34. Nf4 Rb1 35. Rc1 Rxc1 36. Qxc1 Qb6 37. Qc3 a5 38.
Nh5 f6 39. Qc2 Kf7 40. g4 g6 41. Nf4 g5 42. Ne6 Ke7 43. Nd4 Kd7 44. Qa4+
Ke7 45. Nc6+ Kf7 46. Nxa5 Qc7 47. Nc6 Qc8 48. Qa7+ Kf8 49. Qe7+ Kg8 50.
Qxd6 Qxg4+ 51. Qg3 Qd7 52. Qb8+ 1-0